| 000 | 00430nam a22001337a 4500 | ||
|---|---|---|---|
| 020 | _a9788193110714 | ||
| 082 | _a320.55 LON | ||
| 100 | _aAier, Sentiwate and Longkumer, Limatula | ||
| 245 | _aReclaiming Diversities in Secular India: Theological response to Religious Fundamentalism | ||
| 260 |
_aSerampore, West Bengal _bSATHRI, Senate of Serampore College |
||
| 300 | _a224 | ||
| 650 | _aReligious Fundamentalism | ||
| 942 | _cBK | ||
| 999 |
_c23193 _d23193 |
||